000 00706nam a2200205Ia 4500
001 15089
003 GE_BSU
008 181216s||||||||xx |||||||||||||| ||und||
040 _cGE_BSU
080 _a512.7
100 _aВейль,Андре
245 _aВведение в теорию келеровых многообразии
245 _cПод.ред.И.И.Пятецкого-Шапиро. Пер. с франц. С.Г.Гиндикина
260 _aМосква
260 _bИзд-во Иностранной литературы
260 _c1961
300 _a219стр.20см.
653 _aВведение в теорию келеровых многообразии
942 _cBK
999 _c48207
_d48207